000
00287nam a2200121Ia 4500
005
20251222144624.0
008
251222s9999||||xx |||||||||||||| ||spa||
082
_a
869.56/E77PA
100
_a
Escobar, Alberto
245
0
_a
La Partida Inconclusa
264
_b
Universitaria
942
_c
LIB
999
_c
16047
_d
16047